Lowest Country Military Participation Rates - Statistics

General Stats
  • This quiz has been taken 12 times
  • The average score is 6 of 20
Answer Stats
Active Members Active Military per 1,000 Country % Correct
5,300 0.3 Niger
58%
11,200 0.6 Burkina Faso
42%
9,700 0.8 Guinea
42%
150 0.013 Haiti
42%
2,100 0.4 Liberia
42%
13,500 0.5 Madagascar
42%
11,200 0.4 Mozambique
42%
118,000 0.6 Nigeria
42%
7,250 0.7 Benin
33%
10,700 0.6 Malawi
33%
10,000 0.6 Mali
33%
13,600 0.9 Senegal
33%
14,400 0.6 Cameroon
25%
1,330 1 East Timor
25%
15,500 0.6 Ghana
25%
15,100 0.9 Zambia
25%
3,600 0.5 Papua New Guinea
17%
27,000 0.5 Tanzania
17%
20,000 0.7 Yemen
8%
24,100 0.5 Kenya
0%
No matching quizzes found
Score Distribution
Percent of People with Each Score
Percentile by Number Answered
Your Score History
You have not taken this quiz